| 000 | 01446nam a2200205 a 4500 | ||
|---|---|---|---|
| 008 | 190531s1982 es ||||gr|||| 001 0 spa d | ||
| 020 | _a847577007 | ||
| 041 | _aspa | ||
| 092 |
_c215.2 _l11 _sCHA |
||
| 100 | 1 |
_aChatelain, Maurice _94042 |
|
| 245 | 3 |
_aEl fin del mundo / _bMaurice Chatelain |
|
| 250 |
_a1a ed. _bTraducción Nuber Suñer. |
||
| 260 |
_aBarcelona: _bEdiciones Juan Garnica; _c1982. |
||
| 300 | _a205 p. | ||
| 500 | _aChatelain, M. (1984). El fin del mundo. (1a ed.). Buenos Aires : Ediciones Juan Garnica. | ||
| 505 | _aMaurice Chatelain, ex científico de la NASA que participó en el programa de exploración lunar Apolo, ha utilizado la informática para hacer astrología científica y prever las catástrofes que nos amenazan en un futuro cercano, ya que hoy está comprobado que los cataclismos coinciden con las conjunciones planetarias. El Cosmos tras la gran conjunción del 26 de diciembre de 1982 de la que pueden esperarse terremotos, maremotos, erupciones volcánicas...nos prepara otra para el 10 de mayo del 2000, donde, en la fecha anunciada por Nostradamus, podría producirse un diluvio universal causado por la inversión de los polos. Existe una real relación entre los fenómenos astronómicos que se producen en el cielo y los acontecimientos humanos que sobrevienen en la Tierra. | ||
| 590 | _aProyecto 4to libro. Donación Julia Cabanne, mayo 2019. | ||
| 655 |
_aLiteratura _92917 |
||
| 942 |
_2ddc _cLIT |
||
| 999 |
_c2999 _d2999 |
||